-
Folperto, Jean and Lay, Stephen
Entry Personal Name
Number of records used in: 1
001 - CONTROL NUMBER
003 - CONTROL NUMBER IDENTIFIER
005 - DATE AND TIME OF LATEST TRANSACTION
- control field:
20160624135554.0
008 - FIXED-LENGTH DATA ELEMENTS
- fixed length control field:
160624|| aca||aabn | a|a d
040 ## - CATALOGING SOURCE
- Original cataloging agency:
OSt
- Transcribing agency:
OSt
100 ## - HEADING--PERSONAL NAME
- Personal name:
Folperto, Jean and Lay, Stephen
670 ## - SOURCE DATA FOUND
- Source citation:
Work cat.: (OSt): Folperto, Jean and Lay, Stephen, The Media in your life